000 00990nam a2200289 i 4500
001 18057
003 ES-MaACL
005 20230906151740.0
007 t|
008 010913s1967 fr |||| | fre d
080 _a329.15(47)(091)
080 _a947"1917/21"
080 _a947"1922/36"
080 _a957"1922/36"
100 1 _aSchapiro, Leonard.
_9104233
245 1 0 _aDe Lénine á Staline
_b: histoire du Parti Communiste de l'Union Soviétique /
_cLeonard Schapiro ; traduit de l'anglais par Aanda Golem.
260 _a[S.l] :
_bGallimard,
_c[1967]
300 _a694 p. ;
_c23 cm.
490 1 _aLa suite des temps
610 2 7 _aKommunisticheskaia partiia Sovetskogo Soiuza-
_vHistoria.
_95441
651 4 _aRusia-
_xHistoria-
_y1917-1921, Revolución.
_99336
651 4 _aURSS-
_xHistoria-
_y1922-1936.
_99471
700 1 _aGolem, Aanda.
_957705
830 0 _aLa suite des temps
_9181091
852 _aES-MaACL
_jAND-63
_z. - Biblioteca Juan Andrade
999 _c18057
_d18057